Auftrag Grundgesetz: Wirklichkeit und Perspektiven

Gespeichert in:  
Bibliographische Detailangaben
Beteiligte: Pfeiffer, Martin 1938- (Herausgegeben von)
Medienart: Druck Buch
Sprache:Deutsch
Veröffentlicht: Stuttgart Quell-Verl. 1989
In:Jahr: 1989
Ausgabe:1. Aufl.
Online-Zugang: Inhaltsverzeichnis
Verfügbarkeit prüfen: HBZ Gateway
Subito Bestelldienst: Jetzt bestellen.
Bände / Aufsätze:Bände / Aufsätze anzeigen.
Schlagwörter:

MARC

LEADER 00000cam a2200000 c 4500
001 01536626X
003 DE-627
005 20250628181916.0
007 tu
008 890609s1989 gw ||||| 00| ||ger c
016 7 |a 890937877  |2 DE-101 
020 |a 3791823876 
035 |a (DE-627)01536626X 
035 |a (DE-576)017395259 
035 |a (DE-599)GBV01536626X 
035 |a (DE-Rt5)1471441 
040 |a DE-627  |b ger  |c DE-627  |e rakwb 
041 |a ger 
044 |c XA-DE 
050 0 |a KK4449 
082 0 |a 342.2043 AUFT  |q OCLC 
084 |a R 556 (99)  |2 sfb 
084 |a POL 675  |2 sfb 
084 |a 19  |a 16  |2 sdnb 
084 |a 3,6  |2 ssgn 
084 |a 1  |2 ssgn 
084 |a PL 373  |2 rvk  |0 (DE-625)rvk/136973: 
084 |a MG 15060  |2 rvk  |0 (DE-625)rvk/122818:12040 
084 |a 86.44  |2 bkl 
245 0 0 |a Auftrag Grundgesetz  |b Wirklichkeit und Perspektiven  |c Martin Pfeiffer (Hg.) 
250 |a 1. Aufl. 
264 1 |a Stuttgart  |b Quell-Verl.  |c 1989 
300 |a 272 S. 
336 |a Text  |b txt  |2 rdacontent 
337 |a ohne Hilfsmittel zu benutzen  |b n  |2 rdamedia 
338 |a Band  |b nc  |2 rdacarrier 
583 1 |a Archivierung/Langzeitarchivierung gewährleistet  |f PEBW  |x XA-DE-BW  |2 pdager  |5 DE-24 
650 4 |a Verfassungsrecht 
650 4 |a Bundesrepublik Deutschland 
650 4 |a Constitutional Law 
650 4 |a Federal Republic of Germany 
653 0 |a Constitutional law  |a Germany (West)  |a Congresses 
653 0 |a Constitutional history  |a Germany (West)  |a Congresses 
655 7 |a Konferenzschrift  |y Göppingen, 1988  |z Boll  |0 (DE-588)1071861417  |0 (DE-627)826484824  |0 (DE-576)433375485  |2 gnd-content 
655 7 |a Konferenzschrift  |y 1988  |z Boll, Göppingen  |0 (DE-588)1071861417  |0 (DE-627)826484824  |0 (DE-576)433375485  |2 gnd-content 
689 0 0 |d s  |0 (DE-588)4129195-5  |0 (DE-627)105711691  |0 (DE-576)20960851X  |a Rechtsstaat  |2 gnd 
689 0 1 |d u  |0 (DE-588)4072133-4  |0 (DE-627)10422133X  |0 (DE-576)209185945  |a Deutschland  |t Grundgesetz für die Bundesrepublik Deutschland  |2 gnd 
689 0 |5 DE-101 
700 1 |a Pfeiffer, Martin  |d 1938-  |e Hrsg.  |0 (DE-588)173775802  |0 (DE-627)698680308  |0 (DE-576)134615999  |4 edt 
856 4 2 |u http://d-nb.info/890937877/04  |m B:DE-101  |q application/pdf  |3 Inhaltsverzeichnis  |7 1 
935 |a mteo 
935 |i Blocktest 
936 r v |a PL 373  |b Texte, Materialien, Dokumentationen, Sammelwerke  |k Rechtswissenschaft  |k Staatsrecht und Verfassungsgeschichte  |k Staatsrecht und Verfassungsrecht  |k Das Staatsrecht der Bundesrepublik Deutschland  |k Allgemeines  |k Texte, Materialien, Dokumentationen, Sammelwerke  |0 (DE-627)1270882457  |0 (DE-625)rvk/136973:  |0 (DE-576)200882457 
936 r v |a MG 15060  |b Juristische Abhandlungen  |k Politologie  |k Politische Systeme einzelner Länder  |k Europa, Nordamerika  |k Westeuropa, Mitteleuropa  |k Bundesrepublik Deutschland  |k Bundesrepublik Deutschland  |k Juristische Abhandlungen  |0 (DE-627)1271515253  |0 (DE-625)rvk/122818:12040  |0 (DE-576)201515253 
936 b k |a 86.44  |j Staatsrecht  |j Verfassungsrecht: Allgemeines  |0 (DE-627)10642260X 
951 |a BO 
ELC |b 1 
LOK |0 000 xxxxxcx a22 zn 4500 
LOK |0 001 3318159034 
LOK |0 003 DE-627 
LOK |0 004 01536626X 
LOK |0 005 20090630125322 
LOK |0 008 981109||||||||||||||||ger||||||| 
LOK |0 040   |a DE-21-31  |c DE-627  |d DE-21-31 
LOK |0 541   |e 62386 
LOK |0 852   |a DE-21-31 
LOK |0 852 1  |c Ig 89  |m p  |9 00 
LOK |0 866   |x 1.Exemplar 
LOK |0 938   |k p 
LOK |0 939   |a 09-11-98  |b l01 
LOK |0 000 xxxxxcx a22 zn 4500 
LOK |0 001 3318159042 
LOK |0 003 DE-627 
LOK |0 004 01536626X 
LOK |0 005 20090630125437 
LOK |0 008 090630||||||||||||||||ger||||||| 
LOK |0 040   |a DE-21-31  |c DE-627  |d DE-21-31 
LOK |0 541   |e 14470/89 (CG) 
LOK |0 852   |a DE-21-31 
LOK |0 852 1  |c Ig 89  |m p  |9 00 
LOK |0 852 2  |b Magazin  |9 00 
LOK |0 866   |x 2.Exemplar 
LOK |0 938   |k p 
LOK |0 939   |a 30-06-09  |b l02 
LOK |0 000 xxxxxcx a22 zn 4500 
LOK |0 001 3318159069 
LOK |0 003 DE-627 
LOK |0 004 01536626X 
LOK |0 005 20100407053358 
LOK |0 008 041208||||||||||||||||ger||||||| 
LOK |0 040   |a DE-21-58  |c DE-627  |d DE-21-58 
LOK |0 541   |e 89-1269 
LOK |0 689   |a s  |0 1310613109  |a GG 
LOK |0 852   |a DE-21-58 
LOK |0 852 1  |c E IV 186  |m p  |9 00 
LOK |0 935   |a k058 
LOK |0 938   |k p 
LOK |0 939   |a 08-12-04  |b l01 
LOK |0 000 xxxxxcx a22 zn 4500 
LOK |0 001 3318159077 
LOK |0 003 DE-627 
LOK |0 004 01536626X 
LOK |0 005 20140716141044 
LOK |0 008 131106||||||||||||||||ger||||||| 
LOK |0 040   |a DE-21-110  |c DE-627  |d DE-21-110 
LOK |0 852   |z Kein Bestand am IfK; Nachweis für KrimDok 
LOK |0 852   |a DE-21-110 
LOK |0 852 1  |m v  |9 00 
LOK |0 935   |a k110 
LOK |0 938   |k v 
LOK |0 939   |a 06-11-13  |b l01 
LOK |0 000 xxxxxcx a22 zn 4500 
LOK |0 001 3318159808 
LOK |0 003 DE-627 
LOK |0 004 01536626X 
LOK |0 005 19931123000000 
LOK |0 008 931123||||||||||||||||ger||||||| 
LOK |0 040   |a DE-Frei85  |c DE-627  |d DE-Frei85 
LOK |0 852   |a DE-Frei85 
LOK |0 852 1  |m p  |9 00 
LOK |0 938   |k p 
LOK |0 939   |a 23-11-93  |b l01 
ORI |a WA-MARC-krimdokb001.raw 
SPR |a 1  |t KRI 
TIM |a 100019880101_100019881231  |b 1988 - 1988